Catálogo
 En Linea

Morfosintaxis funcional del español : (Registro nro. 25394)

Detalles MARC
000 -CABECERA
campo de control de longitud fija 01553nam a2200265 a 4500
001 - NÚMERO DE CONTROL
campo de control 000025902
005 - FECHA Y HORA DE LA ÚLTIMA TRANSACCIÓN
campo de control 20200930024135.0
008 - DATOS DE LONGITUD FIJA--INFORMACIÓN GENERAL
campo de control de longitud fija 110224s1995 dr 000 0 spa d
040 ## - FUENTE DE LA CATALOGACIÓN
Centro catalogador/agencia de origen DO-SdBNP
Lengua de catalogación spa
Centro/agencia transcriptor BNPHU
082 ## - NÚMERO DE LA CLASIFICACIÓN DECIMAL DEWEY
Número de clasificación 465
Número de documento/Ítem G216m
100 1# - ENTRADA PRINCIPAL--NOMBRE DE PERSONA
Nombre de persona García, Bartolo
9 (RLIN) 1360
245 10 - MENCIÓN DE TÍTULO
Título Morfosintaxis funcional del español :
Resto del título teoría- análisis- producción /
Mención de responsabilidad, etc. Bartolo García, Rafael Nuñez, Julio de los Santos.
260 ## - PUBLICACIÓN, DISTRIBUCIÓN, ETC.
Lugar de publicación, distribución, etc. Santo Domingo :
Nombre del editor, distribuidor, etc. Búho,
Fecha de publicación, distribución, etc. 1995.
300 ## - DESCRIPCIÓN FÍSICA
Extensión 310 p. ;
Dimensiones 23 cm.
500 ## - NOTA GENERAL
Nota general Incluye notas al pie de las páginas
505 0# - NOTA DE CONTENIDO CON FORMATO
Título Prefacio --
-- Capítulo introductorio --
-- Lingüística y visión de la lengua --
Información miscelánea Primera parte:
Título morfología --
-- Morfología y sintáxis y las demás disciplinas de la lingüística --
-- Categorías formales --
-- Relación significante-significado --
-- El morfema --
-- Morfología verbal --
Información miscelánea Segunda parte:
Título análisis de la oración simple --
-- La oración --
-- El sujeto --
-- El predicado --
-- Visión holística del análisis sintáctico --
Información miscelánea Tercera parte:
Título análisis de la oración compuesta --
-- Oraciones y proposiciones --
-- Proposiciones coordinadas --
-- Proposiciones subordinadas --
-- Índice de textos --
-- Bibliografía.
504 ## - NOTA DE BIBLIOGRAFÍA, ETC.
Nota de bibliografía, etc. Bibliografía : p. 305-310
650 #4 - PUNTO DE ACCESO ADICIONAL DE MATERIA--TÉRMINO DE MATERIA
Término de materia o nombre geográfico como elemento de entrada Español
Subdivisión general Gramática
-- Estudios y enseñanza
9 (RLIN) 1361
650 #4 - PUNTO DE ACCESO ADICIONAL DE MATERIA--TÉRMINO DE MATERIA
Término de materia o nombre geográfico como elemento de entrada Español
Subdivisión general Composición y ejercicios
9 (RLIN) 1362
650 #4 - PUNTO DE ACCESO ADICIONAL DE MATERIA--TÉRMINO DE MATERIA
Término de materia o nombre geográfico como elemento de entrada Español
Subdivisión general Morfosintaxis
9 (RLIN) 1363
650 #4 - PUNTO DE ACCESO ADICIONAL DE MATERIA--TÉRMINO DE MATERIA
Término de materia o nombre geográfico como elemento de entrada Español
Subdivisión general Sintaxis
9 (RLIN) 1364
650 #4 - PUNTO DE ACCESO ADICIONAL DE MATERIA--TÉRMINO DE MATERIA
Término de materia o nombre geográfico como elemento de entrada Español
Subdivisión general Morfología
9 (RLIN) 1365
700 1# - PUNTO DE ACCESO ADICIONAL--NOMBRE DE PERSONA
Nombre de persona Nuñez, Rafael
9 (RLIN) 1366
700 1# - PUNTO DE ACCESO ADICIONAL--NOMBRE DE PERSONA
Nombre de persona Santos, Julio de los
9 (RLIN) 1367
Existencias
Estado de retiro Estado de pérdida Restricciones de uso No para préstamo Código de colección Localización permanente Ubicación/localización actual Ubicación en estantería Fecha de adquisición Número de inventario Total de préstamos Signatura topográfica completa Código de barras Fecha visto por última vez Número de copia Precio válido a partir de Tipo de ítem Koha
    Préstamo interno   Dominicana de Servicio General General Depósito 13.05.2013 LF1   465 G216m 25902-30 25.06.2020 e. 3 25.06.2020 Libro y Folleto Colección Dominicana de Servicio
      Excluido de préstamo Patrimonio Dominicano Patrimonio Dominicano Patrimonio Dominicano Depósito 24.02.2011 LF1   465 G216m 25902-10 25.06.2020   25.06.2020 Libro y Folleto Colección Patrimonio Dominicano
      Excluido de préstamo Patrimonio Dominicano Patrimonio Dominicano Patrimonio Dominicano Depósito 14.03.2013 LF1   465 G216m 25902-20 25.06.2020 e. 2 25.06.2020 Libro y Folleto Colección Patrimonio Dominicano

Con tecnología Koha